000 00619nam a2200265Ia 4500
005 20260324152753.0
008 008 260324s9999 xx 000 0 eng d
020 _a9780857091161
037 _aEBOOK
040 _aCRL
040 _beng
040 _cCRL
041 _2eng
041 _aeng
084 _qCRL
100 _aZhang, D
_91229708
245 0 _aUltra-Supercritical Coal Power Plants
260 _bElsevier
260 _c2013
650 _aEnergy
856 _uhttps://www.sciencedirect.com/science/book/9780857091161
942 _cEBOOK
999 _c1840566
_d1840566